Movies Quiz

Random Movies or Actress Quiz

Elizabeth Taylor Movies Quiz Stats

 Plays Quiz Updated Mar 6, 2020

Support Sporcle.
Go Orange.
Score 0/49 Timer 10:00
0 Plays Today
Year Title % Correct
1963Cleopatra
91.5%
1944National Velvet
71.5%
1958Cat on a Hot Tin Roof
64.8%
1966Who's Afraid of Virginia Woolf?
62.1%
1960BUtterfield 8
52%
1956Giant
43.2%
1949Little Women
41.2%
1950Father of the Bride
37%
1994The Flintstones
36.1%
1967The Taming of the Shrew
30.4%
1951A Place in the Sun
29.9%
1959Suddenly, Last Summer
29.1%
1943Lassie Come Home
25.1%
1951Father's Little Dividend
22.9%
1957Raintree County
22%
1965The Sandpiper
19.8%
1963The V.I.P.s
19.4%
1952Ivanhoe
17.9%
1980The Mirror Crack'd
16.7%
1954The Last Time I Saw Paris
13.9%
1954Elephant Walk
13.6%
1947Life with Father
13.5%
1968Boom!
13.3%
1977A Little Night Music
13%
1967Reflections in a Golden Eye
12.8%
Year Title % Correct
1976The Blue Bird
12.5%
1972X, Y and Zee
12.1%
1948A Date with Judy
11.7%
1967The Comedians
11.6%
1967Doctor Faustus
11.5%
1946Courage of Lassie
11.2%
1973Ash Wednesday
10.8%
1947Cynthia
10.8%
1942There's One Born Every Minute
9.9%
1970The Only Game in Town
9.3%
1968Secret Ceremony
9%
1954Rhapsody
8.9%
1972Under Milk Wood
8.8%
1949Conspirator
8.7%
1948Julia Misbehaves
8.6%
1944The White Cliffs of Dover
8.5%
1953The Girl Who Had Everything
8.2%
1954Beau Brummell
8.1%
1972Hammersmith Is Out
7.6%
1973Night Watch
7.5%
1950The Big Hangover
7.3%
1952Love Is Better Than Ever
6.9%
1989Young Toscanini
5.7%
1974Identikit
5%

You're not logged in!

Compare scores with friends on all Sporcle quizzes.
OR
Log In

From the Vault

Fix the Oceania Map

by mikenew

We're putting your knowledge of tiny island countries to the test.
Remove Ads.
Support Sporcle.
Get the best of Sporcle when you Go Orange. This ad-free experience offers more features, more stats, and more fun while also helping to support Sporcle. Thank you for becoming a member.

Show Comments

Extras

Top Quizzes Today


Score Distribution

Your Account Isn't Verified!

In order to create a playlist on Sporcle, you need to verify the email address you used during registration. Go to your Sporcle Settings to finish the process.

Report this User

Report this user for behavior that violates our Community Guidelines.

Details: